[Liquidació] Extracto de las cuentas generales documentadas de la Provincia de Barcelona correspondientes al año económico de 1870 a 1871 é informe de la Comisión Provincial sobre dichas cuentas. Publícanse por acuerdo de la Diputación
Descripción Física:
39 p. ; 30 cm
MARC
| LEADER | 00000nam a2200000Ia 4500 | ||
|---|---|---|---|
| 001 | 10598 | ||
| 008 | 160829s1876 xx 000 0 cat d | ||
| 080 | |a Pressupostos | ||
| 110 | 1 | |a Barcelona (Catalunya : Província). |b Diputació |9 52408 | |
| 245 | |a [Liquidació] Extracto de las cuentas generales documentadas de la Provincia de Barcelona correspondientes al año económico de 1870 a 1871 é informe de la Comisión Provincial sobre dichas cuentas. Publícanse por acuerdo de la Diputación | ||
| 260 | |a Barcelona : |b Tip. Fco. Sánchez, |c 1876 | ||
| 300 | |a 39 p. ; |c 30 cm | ||
| 610 | 1 | 0 | |a Barcelona (Catalunya : Província). |b Diputació |x Assignacions pressupostàries i despeses |9 53789 |
| 901 | |a Arxiu | ||
| 942 | |n 1 | ||
| 952 | |0 0 |1 0 |4 0 |6 PRESSUPOSTOS |7 1 |9 44030 |a Arxiu |b Arxiu |d 2016-12-01 |l 0 |o Pressupostos |p 10598 |r 2016-12-01 00:00:00 |w 2016-12-01 |y ARXIU | ||
| 999 | |c 46610 |d 46610 | ||